[Event "10. Lichtenberger Sommer"]
[Site "Berlin"]
[Date "2011.08.19"]
[Round "7.16"]
[White "Foerster, Jonas"]
[Black "Sabrowski, Uwe"]
[Result "0-1"]
[WhiteElo "2230"]
[BlackElo "2099"]
[PlyCount "80"]
[EventDate "2011.??.??"]
[WhiteTeam "SSC Rostock 07"]
[BlackTeam "SC Friesen Lichtenberg e.V."]

1. d4 f5 2. Nc3 Nf6 3. Bg5 e6 4. e4 fxe4 5. Nxe4 Be7 6. Bxf6 Bxf6 7. c3 O-O 8.
Nf3 Nc6 9. Bd3 d6 10. Qc2 Kh8 11. O-O-O Rf7 12. h4 h6 13. Neg5 Re7 14. Bc4 Qg8
15. Rde1 d5 16. Bb5 Nd8 17. Qg6 c6 18. Bd3 Bd7 19. Nh7 Qf7 20. Qg3 Be8 21. Nfg5
Qg8 22. Qf3 Bxg5+ 23. hxg5 Rf7 24. Qe3 c5 25. gxh6 g6 26. Qe5+ Kxh7 27. dxc5
Rc8 28. b4 b6 29. Ba6 Rcc7 30. cxb6 axb6 31. Re3 Qf8 32. Rf3 Ra7 33. Be2 Rxf3
34. Bxf3 Qh8 35. Qe3 Rc7 36. Kd2 Qf6 37. Rc1 Ra7 38. Qxb6 Rxa2+ 39. Rc2 Qg5+
40. Kd1 Ba4 0-1

[Event "10. Lichtenberger Sommer"]
[Site "Berlin"]
[Date "2011.08.19"]
[Round "7.18"]
[White "Hein, Carsten"]
[Black "Kupfer, Michael"]
[Result "1-0"]
[WhiteElo "2182"]
[BlackElo "2049"]
[PlyCount "67"]
[EventDate "2011.??.??"]
[WhiteTeam "Potsdamer SV Mitte e.V."]
[BlackTeam "SC Friesen Lichtenberg e.V."]

1. Nf3 g6 2. g3 c5 3. c4 Nc6 4. Nc3 Bg7 5. Bg2 e5 6. d3 Nge7 7. O-O O-O 8. Rb1
d6 9. a3 a5 10. b3 h6 11. Bd2 Be6 12. Ne1 f5 13. Nd5 Rb8 14. b4 axb4 15. axb4
Nxb4 16. Nxb4 cxb4 17. Rxb4 Nc6 18. Rb5 e4 19. Nc2 Na7 20. Rb1 b5 21. Be3 Rf7
22. dxe4 bxc4 23. Rxb8 Qxb8 24. exf5 Rxf5 25. Nd4 Rd5 26. Bxd5 Bxd5 27. Nf5 Bf7
28. Qxd6 Qxd6 29. Nxd6 Nc6 30. Rc1 c3 31. Nb5 Bc4 32. Nxc3 Nd4 33. Bxd4 Bxd4
34. e3 1-0

[Event "10. Lichtenberger Sommer"]
[Site "Berlin"]
[Date "2011.08.19"]
[Round "7.20"]
[White "Klyszcz, Michael"]
[Black "Heuser, Philip"]
[Result "0-1"]
[WhiteElo "2064"]
[BlackElo "2146"]
[PlyCount "42"]
[EventDate "2011.??.??"]
[WhiteTeam "SG 1871 Löberitz"]
[BlackTeam "SG Heidelberg-Kirchheim"]

1. c4 Nf6 2. Nc3 e6 3. e4 c5 4. e5 Ng8 5. f4 Nc6 6. Nf3 Nh6 7. Bd3 d6 8. Qe2
dxe5 9. fxe5 Be7 10. b3 O-O 11. Bb2 f5 12. O-O-O Nf7 13. g4 g6 14. gxf5 exf5
15. e6 Bxe6 16. Qxe6 Qxd3 17. Nd5 Rae8 18. Nxe7+ Rxe7 19. Qf6 Nfe5 20. Nxe5
Rxe5 21. Qg5 Nb4 0-1

[Event "10. Lichtenberger Sommer"]
[Site "Berlin"]
[Date "2011.08.19"]
[Round "7.21"]
[White "Noetzel, Felix"]
[Black "Stiefel, Roland"]
[Result "1/2-1/2"]
[WhiteElo "2090"]
[BlackElo "2064"]
[PlyCount "157"]
[EventDate "2011.??.??"]
[WhiteTeam "SC Borussia Friedrichsfelde 1920"]
[BlackTeam "SSV Vimaria 91 Weimar"]

1. e4 c5 2. d4 cxd4 3. c3 dxc3 4. Nxc3 Nc6 5. Nf3 e6 6. Bc4 a6 7. a4 Nge7 8.
Bf4 Ng6 9. Bg3 Be7 10. O-O O-O 11. Qe2 Qa5 12. Rfd1 f5 13. Bd6 Bxd6 14. Rxd6
Nce5 15. Nxe5 Qxe5 16. Rad1 fxe4 17. Nxe4 Nf4 18. Qc2 b5 19. Bf1 Bb7 20. f3
Rac8 21. Qb3 Bxe4 22. fxe4 Qxe4 23. Rxd7 Rc2 24. Qg3 g6 25. axb5 axb5 26. Rd8
Qf5 27. Qh4 Nd5 28. Rxf8+ Qxf8 29. Qe4 Qf5 30. Qd4 Qf6 31. Qxf6 Nxf6 32. Bxb5
Rxb2 33. Bc4 Kf7 34. h3 Rb4 35. Ba2 Ke7 36. Kh2 Ne4 37. Rd3 Ra4 38. Bb1 Ra1 39.
Bc2 Rc1 40. Ba4 Rh1+ 41. Kxh1 Nf2+ 42. Kh2 Nxd3 43. Kg3 Kf6 44. Bc2 Nc5 45. h4
h6 46. Kf4 e5+ 47. Ke3 g5 48. g3 gxh4 49. gxh4 Ne6 50. Be4 Nd4 51. h5 Nf5+ 52.
Kf3 Kg5 53. Bd3 Nd6 54. Bg6 Kh4 55. Ke3 Kg4 56. Ke2 Kf4 57. Kf2 Nf5 58. Bf7 Ng3
59. Bg6 Ne4+ 60. Ke2 Nf6 61. Bf7 e4 62. Kf2 e3+ 63. Ke2 Ne4 64. Bg6 Ng3+ 65.
Ke1 Ke5 66. Kd1 Kd4 67. Ke1 Nh1 68. Ke2 Nf2 69. Bf5 Nh1 70. Bg6 Ng3+ 71. Ke1
Ke5 72. Kd1 Kf4 73. Ke1 Kf3 74. Bf7 Nf5 75. Bd5+ Kf4 76. Be6 Nd4 77. Bc4 Nf5
78. Bf7 Nd6 79. Bg6 1/2-1/2

[Event "10. Lichtenberger Sommer"]
[Site "Berlin"]
[Date "2011.08.19"]
[Round "7.22"]
[White "Schreyer, Oliver"]
[Black "Witte, Ronald"]
[Result "1-0"]
[WhiteElo "2130"]
[BlackElo "2063"]
[PlyCount "85"]
[EventDate "2011.??.??"]
[WhiteTeam "Schachverein 1949 Herzogenrath"]
[BlackTeam "BSV 63 Chemie Weißensee"]

1. Nf3 d5 2. d4 c6 3. e3 Nf6 4. Bd3 Nbd7 5. Nbd2 e6 6. O-O Bd6 7. Re1 O-O 8. e4
dxe4 9. Nxe4 Nxe4 10. Rxe4 h6 11. Rg4 f5 12. Rh4 Rf6 13. Qe2 Nf8 14. Rh3 Bd7
15. Bd2 Qb6 16. Bc3 Bb4 17. Bxb4 Qxb4 18. c3 Qd6 19. Ne5 Be8 20. Bc4 c5 21. Rd1
Rd8 22. Rhd3 Qc7 23. dxc5 Rxd3 24. Nxd3 Kh7 25. Qe5 Qc8 26. Nf4 Ng6 27. Bxe6
Nxe5 28. Bxc8 Bc6 29. Nd5 Rf8 30. Ne7 Be4 31. f3 Bc2 32. Rd5 Nc6 33. Bxf5+ Bxf5
34. Rxf5 Rd8 35. Nxc6 bxc6 36. Rf7 Rd2 37. Rxa7 Rxb2 38. Ra6 Rc2 39. a4 Rxc3
40. Rxc6 Kg8 41. a5 Kf8 42. a6 Ra3 43. Rc8+ 1-0

[Event "10. Lichtenberger Sommer"]
[Site "Berlin"]
[Date "2011.08.19"]
[Round "7.23"]
[White "Yin, Stanley"]
[Black "Albrecht, Rainer"]
[Result "1/2-1/2"]
[WhiteElo "1990"]
[BlackElo "2125"]
[PlyCount "28"]
[EventDate "2011.??.??"]
[WhiteTeam "SC Caissa Schwarzenbach"]
[BlackTeam "SC Kreuzberg e.V."]

1. b3 e5 2. Bb2 d6 3. e3 g6 4. d4 Bg7 5. dxe5 Bxe5 6. Bxe5 dxe5 7. Qxd8+ Kxd8
8. Nf3 f6 9. Nbd2 Be6 10. O-O-O Nd7 11. h3 Nh6 12. Ne4 Ke7 13. g4 Nf7 14. c4 a5
1/2-1/2

[Event "10. Lichtenberger Sommer"]
[Site "Berlin"]
[Date "2011.08.19"]
[Round "7.24"]
[White "Guenther, Thomas"]
[Black "Weichlein, Paul"]
[Result "1-0"]
[WhiteElo "2132"]
[BlackElo "1973"]
[PlyCount "123"]
[EventDate "2011.??.??"]
[WhiteTeam "SV Senat (FV Schach)"]
[BlackTeam "SAbt TSV Haunstetten"]

1. d4 Nf6 2. c4 g6 3. g3 Bg7 4. Bg2 O-O 5. Nc3 d6 6. Nf3 Nc6 7. d5 Na5 8. Nd2
c6 9. Rb1 cxd5 10. Nxd5 Nxd5 11. cxd5 b6 12. b4 Nb7 13. Bb2 e5 14. dxe6 Bxb2
15. e7 Qxe7 16. Rxb2 d5 17. O-O Be6 18. Nf3 Nd6 19. Nd4 Rac8 20. b5 Rc5 21. a4
Rfc8 22. Nc6 Qf6 23. Rc2 Nc4 24. Qa1 Qxa1 25. Rxa1 Rc7 26. Nd4 Na5 27. Rac1
Rxc2 28. Rxc2 Rxc2 29. Nxc2 Nb3 30. Nb4 Nc5 31. Nxd5 Nxa4 32. Kf1 Bxd5 33. Bxd5
Nc3 34. Bc4 Ne4 35. Ke1 Kg7 36. f3 Nd6 37. Bd3 Kf6 38. f4 Ke7 39. e4 Nb7 40. e5
f6 41. exf6+ Kxf6 42. g4 Nc5 43. Kd2 Ke6 44. Bc4+ Kd6 45. Ke3 Nd7 46. Kd4 Nf6
47. h3 Nd7 48. g5 Nc5 49. h4 Nd7 50. Bd5 Nc5 51. Bg8 a5 52. bxa6 Nxa6 53. Bxh7
Nc5 54. Bxg6 Ne6+ 55. Ke3 b5 56. h5 Ke7 57. h6 Kf8 58. Bf5 Nc5 59. g6 b4 60.
Kd4 Nb3+ 61. Kc4 Nc1 62. Be6 1-0

[Event "10. Lichtenberger Sommer"]
[Site "Berlin"]
[Date "2011.08.19"]
[Round "7.25"]
[White "Mai, Andreas"]
[Black "Hahlbohm, Matthias"]
[Result "1-0"]
[WhiteElo "1943"]
[BlackElo "2075"]
[PlyCount "127"]
[EventDate "2011.??.??"]
[WhiteTeam "SC Friesen Lichtenberg e.V."]
[BlackTeam "TSG Oberschöneweide e.V."]

1. e4 c5 2. Nf3 d6 3. Bc4 e6 4. d4 cxd4 5. Nxd4 Nf6 6. Nc3 a6 7. a4 Qc7 8. Bb3
b6 9. O-O Bb7 10. Re1 Nbd7 11. f3 Be7 12. Be3 O-O 13. Qd2 Nc5 14. Ba2 Rac8 15.
Qf2 Rfd8 16. Qg3 g6 17. Bg5 Nh5 18. Qh4 Bxg5 19. Qxg5 Ng7 20. f4 Re8 21. f5
exf5 22. exf5 Re5 23. Qf6 Ne4 24. Nxe4 Bxe4 25. fxg6 hxg6 26. c3 Rce8 27. Rf1
d5 28. Rae1 Nh5 29. Qf2 R8e7 30. Re3 Rg5 31. g3 Qd7 32. b4 Ng7 33. Qf6 Rh5 34.
Rf2 Ne6 35. Rxe4 dxe4 36. Nxe6 Rxe6 37. Bxe6 Qxe6 38. Qxe6 fxe6 39. Rf6 Re5 40.
Rxg6+ Kf7 41. Rg4 e3 42. Kf1 e2+ 43. Ke1 Re3 44. c4 e5 45. h4 Kf6 46. h5 Kf5
47. Rg8 Ra3 48. Kxe2 Rxa4 49. h6 Ra2+ 50. Kf3 e4+ 51. Ke3 Rh2 52. g4+ Ke5 53.
g5 Rh3+ 54. Kf2 Kf4 55. g6 Rh2+ 56. Kf1 Rh1+ 57. Ke2 Rh2+ 58. Kd1 Rh1+ 59. Kc2
Rh2+ 60. Kb3 b5 61. cxb5 axb5 62. Rf8+ Ke3 63. h7 Rh3 64. Kc2 1-0

[Event "10. Lichtenberger Sommer"]
[Site "Berlin"]
[Date "2011.08.19"]
[Round "7.26"]
[White "Pappenheim, Rainer"]
[Black "Perestjuk, Marko"]
[Result "0-1"]
[WhiteElo "2081"]
[BlackElo "1964"]
[PlyCount "74"]
[EventDate "2011.??.??"]
[WhiteTeam "SC Starnberg"]
[BlackTeam "SC Zitadelle Spandau 1977 e.V."]

1. e4 c5 2. Nf3 d6 3. d4 cxd4 4. Nxd4 Nf6 5. Nc3 g6 6. Be2 Bg7 7. O-O O-O 8.
Bg5 Nc6 9. Nb3 a5 10. a4 Be6 11. f4 Nb4 12. Kh1 Qb6 13. f5 Nxc2 14. fxe6 Nxa1
15. exf7+ Rxf7 16. Nxa1 Qxb2 17. Qb3 Qxb3 18. Nxb3 Rc8 19. Bd2 Nd7 20. Nd5 Rc2
21. Kg1 Nc5 22. Rc1 Rxc1+ 23. Nxc1 Nxe4 24. Be3 e6 25. Nf4 Bh6 26. g3 Nc3 27.
Bg4 e5 28. Nd5 Bxe3+ 29. Nxe3 Rc7 30. Be6+ Kg7 31. Bb3 Nxa4 32. Bxa4 Rxc1+ 33.
Kf2 Ra1 34. Bb5 Ra2+ 35. Kf3 a4 36. Nc4 a3 37. Nxd6 Rf2+ 0-1

[Event "10. Lichtenberger Sommer"]
[Site "Berlin"]
[Date "2011.08.19"]
[Round "7.27"]
[White "Fartmann, Oliver"]
[Black "Burger, Heinrich"]
[Result "1/2-1/2"]
[WhiteElo "1845"]
[BlackElo "2166"]
[PlyCount "115"]
[EventDate "2011.??.??"]
[WhiteTeam "SG Grün-Weiß Baumschulenweg e.V."]
[BlackTeam "VfB Hermsdorf e.V."]

1. d4 Nf6 2. c4 e6 3. Nc3 Bb4 4. Qc2 O-O 5. Bg5 h6 6. Bxf6 Qxf6 7. a3 Bxc3+ 8.
bxc3 d6 9. e3 e5 10. Bd3 c5 11. Ne2 Nc6 12. d5 Na5 13. O-O Qe7 14. Ng3 g6 15.
f4 exf4 16. exf4 f5 17. Rae1 Qf6 18. Rf3 Bd7 19. Ne2 b5 20. Qa2 bxc4 21. Bxc4
Nxc4 22. Qxc4 a6 23. a4 Rfe8 24. Rb1 Re4 25. Qd3 Rae8 26. Ng3 Rxa4 27. Rb7 Bb5
28. Re3 Ra1+ 29. Kf2 Qf8 30. c4 Ba4 31. Qc3 Ra2+ 32. Kg1 Rc2 33. Rxe8 Rxc3 34.
Rxf8+ Kxf8 35. Ra7 Rxc4 36. Rxa6 Ke7 37. Ra7+ Bd7 38. Ne2 Kd8 39. Ra8+ Kc7 40.
Ra7+ Kc8 41. Ra8+ Kb7 42. Rh8 Bb5 43. Rxh6 Rc2 44. Ng3 Rd2 45. Rxg6 Rxd5 46. h4
c4 47. h5 c3 48. h6 c2 49. Rg7+ Kb6 50. h7 c1=Q+ 51. Kh2 Qc8 52. Rg8 Qc3 53.
h8=Q Qxh8+ 54. Rxh8 Kc5 55. Rf8 Bd3 56. Kh3 Kd4 57. Kh4 Ra5 58. Rf6 1/2-1/2

[Event "10. Lichtenberger Sommer"]
[Site "Berlin"]
[Date "2011.08.19"]
[Round "7.28"]
[White "Kutzner, Stephen"]
[Black "Penner, Markus"]
[Result "0-1"]
[WhiteElo "2089"]
[BlackElo "1949"]
[PlyCount "110"]
[EventDate "2011.??.??"]
[WhiteTeam "SC 1950 Remagen"]
[BlackTeam "SK Zehlendorf e.V."]

1. e4 e5 2. Nf3 Nc6 3. Bb5 a6 4. Ba4 Nf6 5. O-O Be7 6. Re1 b5 7. Bb3 O-O 8. h3
d6 9. c3 Na5 10. Bc2 c5 11. d4 cxd4 12. cxd4 Qc7 13. Nbd2 Bb7 14. Nf1 Rac8 15.
Bb1 Rfe8 16. Bg5 h6 17. Bc1 Bf8 18. Ng3 g6 19. Bd3 Bg7 20. Rb1 Nc6 21. Be3 Nd7
22. Rc1 Qb8 23. Bb1 Nxd4 24. Nxd4 exd4 25. Rxc8 Rxc8 26. Bxd4 Ne5 27. b3 Qc7
28. Qd2 Rd8 29. Qe3 Qd7 30. Rd1 Qe6 31. Ne2 Nc6 32. Bxg7 Kxg7 33. Nf4 Qe5 34.
Nd5 Ne7 35. Nxe7 Qxe7 36. Qd4+ Kh7 37. e5 Qg5 38. g3 Bf3 39. h4 Qh5 40. Re1 Qg4
41. Qxg4 Bxg4 42. exd6 Rxd6 43. f3 Bxf3 44. Rf1 Rd1 45. Rxd1 Bxd1 46. b4 f5 47.
Kf2 Kg7 48. Ke3 Kf6 49. Kf4 g5+ 50. hxg5+ hxg5+ 51. Ke3 Ke5 52. Bd3 f4+ 53.
gxf4+ gxf4+ 54. Kd2 Bg4 55. Bg6 Kd4 0-1

[Event "10. Lichtenberger Sommer"]
[Site "Berlin"]
[Date "2011.08.19"]
[Round "7.29"]
[White "Tiemer, Klaus"]
[Black "Baumbach, Friedrich"]
[Result "1/2-1/2"]
[WhiteElo "1958"]
[BlackElo "2275"]
[PlyCount "23"]
[EventDate "2011.??.??"]
[WhiteTeam "TSG Oberschöneweide e.V."]
[BlackTeam "SC Friesen Lichtenberg e.V."]

1. d4 d5 2. c4 e6 3. Nc3 Nf6 4. Bg5 Be7 5. e3 O-O 6. Nf3 h6 7. Bh4 b6 8. cxd5
exd5 9. Bd3 Bb7 10. O-O Nbd7 11. Rc1 c6 12. Qe2 1/2-1/2

[Event "10. Lichtenberger Sommer"]
[Site "Berlin"]
[Date "2011.08.19"]
[Round "7.30"]
[White "Lerch, Philipp"]
[Black "Baranowsky, Peter"]
[Result "1-0"]
[WhiteElo "2078"]
[BlackElo "1989"]
[PlyCount "133"]
[EventDate "2011.??.??"]
[WhiteTeam "SK König Tegel 1949 e.V."]
[BlackTeam "Sfrd. Berlin 1903 e.V."]

1. e4 c5 2. Nf3 g6 3. Bc4 d6 4. O-O Bg7 5. c3 Qc7 6. d3 Nf6 7. Nbd2 O-O 8. a4
Nc6 9. Bb3 b6 10. Re1 Bb7 11. Nf1 Rad8 12. Qe2 e6 13. Ng3 Ne5 14. Bf4 Nxf3+ 15.
Qxf3 e5 16. Bg5 Qe7 17. c4 h6 18. Bh4 a5 19. Nf1 Bc8 20. Ne3 g5 21. Bg3 h5 22.
h3 Be6 23. Bh2 g4 24. Qg3 Nxe4 25. dxe4 h4 26. Nd5 Bxd5 27. Qxg4 Be6 28. Qe2
Qg5 29. Kh1 f5 30. exf5 Bxf5 31. Bc2 Rf6 32. f3 Rd7 33. Rad1 Qg6 34. Be4 Bxe4
35. Qxe4 Rdf7 36. Qxg6 Rxg6 37. Re4 Rh6 38. Bg1 Bf8 39. Be3 Rh5 40. Rd3 Be7 41.
Kg1 Kh7 42. Kf1 Kg6 43. Rg4+ Kh7 44. Ke2 Rg7 45. Rb3 Bd8 46. Rd3 Be7 47. Rb3
Bd8 48. Rd3 Be7 49. Rd5 Kg8 50. Rd2 Kf7 51. Kd3 Rhh7 52. Ke4 Ke6 53. Rf2 Bd8
54. Bd2 Bf6 55. Bc3 Rxg4+ 56. fxg4 Be7 57. Rf5 Rg7 58. Bd2 Rh7 59. Be3 Rg7 60.
Bh6 Rg6 61. Be3 Rg8 62. Rh5 Rf8 63. Rh6+ Kd7 64. Rh7 Ke6 65. Rh6+ Kd7 66. g5
Rg8 67. Rxh4 1-0

[Event "10. Lichtenberger Sommer"]
[Site "Berlin"]
[Date "2011.08.19"]
[Round "7.31"]
[White "Schwarz, Oliver"]
[Black "Amelang, Thomas"]
[Result "1-0"]
[WhiteElo "1960"]
[BlackElo "2152"]
[PlyCount "43"]
[EventDate "2011.??.??"]
[WhiteTeam "SV Königsjäger Süd-West e.V."]
[BlackTeam "SK Siemens München"]

1. e4 d6 2. d4 Nf6 3. Nc3 g6 4. Be3 c6 5. Qd2 Qa5 6. Nf3 b5 7. Bd3 a6 8. h3 Bg7
9. O-O O-O 10. Nd5 Qd8 11. Nxf6+ Bxf6 12. a4 Bb7 13. e5 Bh8 14. Bh6 Re8 15. e6
Bf6 16. Ng5 fxe6 17. Bxg6 Rf8 18. Bxh7+ Kh8 19. Nxe6 Nd7 20. Nxd8 Rfxd8 21. Bf5
Nb6 22. Qd1 1-0

[Event "10. Lichtenberger Sommer"]
[Site "Berlin"]
[Date "2011.08.19"]
[Round "7.33"]
[White "Pueschel, Werner"]
[Black "Schmidt, Juergen"]
[Result "0-1"]
[WhiteElo "2163"]
[BlackElo "2024"]
[PlyCount "58"]
[EventDate "2011.??.??"]
[WhiteTeam "SG Lasker Steglitz-Wilmersdorf"]
[BlackTeam "SC Kreuzberg e.V."]

1. e4 e5 2. Bc4 Nf6 3. d3 Bc5 4. Nf3 Nc6 5. c3 Bb6 6. O-O O-O 7. Nbd2 d6 8. b4
a6 9. Bb2 Nh5 10. d4 Nf4 11. d5 Ne7 12. g3 Nh3+ 13. Kg2 Ng6 14. Be2 Qd7 15. Nc4
Ba7 16. Bc1 Qg4 17. Qc2 f5 18. Be3 fxe4 19. Ng1 Ngf4+ 20. Kh1 Nxe2 21. Qxe2
Qxe2 22. Nxe2 Nxf2+ 23. Bxf2 Rxf2 24. Rxf2 Bxf2 25. Kg2 Ba7 26. Re1 Bg4 27. Ng1
Rf8 28. Rxe4 Rf2+ 29. Kh1 Rf1 0-1

[Event "10. Lichtenberger Sommer"]
[Site "Berlin"]
[Date "2011.08.19"]
[Round "7.35"]
[White "Oppermann, Peter"]
[Black "Elsing, Jan"]
[Result "0-1"]
[WhiteElo "2000"]
[BlackElo "2124"]
[PlyCount "72"]
[EventDate "2011.??.??"]
[WhiteTeam "SK Tempelhof 1931 e.V."]
[BlackTeam "SC Friesen Lichtenberg e.V."]

1. d4 d5 2. Nf3 Nf6 3. e3 g6 4. c4 c6 5. b3 Bg7 6. Bd3 O-O 7. O-O Bg4 8. Nbd2
e5 9. dxe5 Nfd7 10. Qc2 Nxe5 11. Nxe5 Bxe5 12. Bb2 Nd7 13. f4 Bxb2 14. Qxb2 Nc5
15. Bc2 Be2 16. Rf2 Nd3 17. Bxd3 Bxd3 18. Rd1 Qb6 19. Qd4 Qxd4 20. exd4 Rad8
21. c5 Rfe8 22. Nf3 Be2 23. Rd2 Bxf3 24. Rxf3 Re4 25. Kf2 Rde8 26. g3 Re1 27.
Kg2 Kg7 28. Rff2 Kf6 29. Kf3 R8e3+ 30. Kg4 h5+ 31. Kh4 Kf5 32. Kh3 f6 33. Kg2
Re7 34. h4 R7e3 35. Kh2 Rc1 36. Kg2 Rcc3 0-1

[Event "10. Lichtenberger Sommer"]
[Site "Berlin"]
[Date "2011.08.19"]
[Round "7.37"]
[White "Axmann, Steffen"]
[Black "Krajewski, Wolfgang"]
[Result "1-0"]
[WhiteElo "1893"]
[BlackElo "2095"]
[PlyCount "65"]
[EventDate "2011.??.??"]
[WhiteTeam "Sfr.Nord-Ost Berlin"]
[BlackTeam "SK Zehlendorf e.V."]

1. e4 c5 2. Nf3 d6 3. d4 cxd4 4. Nxd4 Nf6 5. Nc3 a6 6. a4 g6 7. Be2 Bg7 8. Be3
O-O 9. O-O Nc6 10. Kh1 Qc7 11. Nb3 Be6 12. f4 Rac8 13. Rc1 Nb4 14. Nd4 Bc4 15.
Bd3 Rfd8 16. f5 d5 17. b3 Bxd3 18. cxd3 Qe5 19. Nf3 Qb8 20. e5 Ng4 21. Bf4 d4
22. Ng5 Nxe5 23. fxg6 hxg6 24. Nce4 Rxc1 25. Qxc1 Nbxd3 26. Bxe5 Nxe5 27. Qf4
Qc8 28. Qh4 Qg4 29. Qh7+ Kf8 30. h3 Qe2 31. Ne6+ Ke8 32. Qg8+ Kd7 33. Qxd8+ 1-0

[Event "10. Lichtenberger Sommer"]
[Site "Berlin"]
[Date "2011.08.19"]
[Round "7.39"]
[White "Kapr, Klaus"]
[Black "Horbach, Fabian"]
[Result "1-0"]
[WhiteElo "2058"]
[BlackElo "2022"]
[PlyCount "117"]
[EventDate "2011.??.??"]
[WhiteTeam "SC Friesen Lichtenberg e.V."]
[BlackTeam "Schachverein 1949 Herzogenrath"]

1. e4 c5 2. Nf3 e6 3. d4 cxd4 4. Nxd4 Bc5 5. Nb3 Bb6 6. Nc3 Ne7 7. Bf4 d5 8.
Qf3 d4 9. Nb5 O-O 10. O-O-O Nbc6 11. Qg3 Ng6 12. Bd6 Re8 13. Bc7 Qe7 14. Bxb6
axb6 15. Nc7 Rxa2 16. Nxe8 Qxe8 17. Kb1 Ra8 18. Qc7 e5 19. Bb5 Bd7 20. g3 Nf8
21. Qxb6 Ne6 22. Rhf1 Qe7 23. f4 Qb4 24. f5 Ng5 25. Qc5 Qxc5 26. Nxc5 Ra5 27.
Nxd7 Rxb5 28. f6 Nxe4 29. fxg7 Nc3+ 30. Kc1 Nxd1 31. Kxd1 Kxg7 32. Rf5 Rxb2 33.
Rg5+ Kh6 34. h4 Ne7 35. Nxe5 Ng6 36. Nxf7+ Kg7 37. Nd6 Kf6 38. Ne4+ Ke6 39. Rh5
Nf8 40. Kd2 Kf7 41. Nd6+ Ke6 42. Nf5 Rb4 43. Kd3 Kf6 44. Nxd4 Kg6 45. Rg5+ Kf6
46. Rf5+ Kg7 47. g4 h6 48. h5 Rb1 49. Rc5 Rd1+ 50. Kc4 Kf6 51. Rf5+ Kg7 52. Rb5
Kf6 53. Rxb7 Ke5 54. c3 Rf1 55. Rb5+ Kf6 56. Rd5 Rf4 57. Rd6+ Kg5 58. Kb5 Rxg4
59. Nf3+ 1-0

[Event "10. Lichtenberger Sommer"]
[Site "Berlin"]
[Date "2011.08.19"]
[Round "7.40"]
[White "Stadtmueller, Harald"]
[Black "Mayer, Herbert"]
[Result "1-0"]
[WhiteElo "2132"]
[BlackElo "1948"]
[PlyCount "91"]
[EventDate "2011.??.??"]
[WhiteTeam "VSG 1880 Offenbach"]
[BlackTeam "SC Rochade e.V."]

1. d4 Nf6 2. Bf4 d5 3. e3 g6 4. Be2 Bg7 5. Nf3 O-O 6. O-O c5 7. c3 Nc6 8. Ne5
cxd4 9. cxd4 Nxe5 10. Bxe5 Nd7 11. Bxg7 Kxg7 12. Nc3 Nf6 13. Qb3 b6 14. Rfc1
Bb7 15. Nb5 Ba6 16. Rc2 Bxb5 17. Qxb5 Rc8 18. Rac1 Rxc2 19. Rxc2 e6 20. Qc6 Qb8
21. Qc7 Rd8 22. a4 Qxc7 23. Rxc7 Rd7 24. Rc8 Ne4 25. Bb5 Re7 26. Rc6 h6 27. Kf1
Nd2+ 28. Ke2 Nb3 29. Kd3 Na5 30. Rc8 Nb7 31. Ba6 Nd6 32. Rc6 Ne8 33. Rc8 Nd6
34. Rc2 Ne8 35. Bb5 Nc7 36. Bc6 f6 37. b4 Kf7 38. b5 e5 39. a5 exd4 40. axb6
axb6 41. exd4 Ke6 42. Ra2 Kd6 43. Ra7 Re1 44. Rb7 Rd1+ 45. Ke3 Ne6 46. Rd7# 1-0

[Event "10. Lichtenberger Sommer"]
[Site "Berlin"]
[Date "2011.08.19"]
[Round "7.43"]
[White "Strehlow, Horst"]
[Black "Kohlmeyer, Dagobert"]
[Result "1-0"]
[WhiteElo "2074"]
[BlackElo "1879"]
[PlyCount "161"]
[EventDate "2011.??.??"]
[WhiteTeam "SC Friesen Lichtenberg e.V."]
[BlackTeam "SC Rochade e.V."]

1. e4 e6 2. d4 d5 3. e5 c5 4. c3 Nc6 5. Nf3 Qb6 6. Be2 cxd4 7. cxd4 Bb4+ 8. Nc3
Nge7 9. a3 Bxc3+ 10. bxc3 O-O 11. O-O h6 12. Bd3 a6 13. a4 Bd7 14. Rb1 Qc7 15.
Ba3 Rfe8 16. Bd6 Qc8 17. Qb3 Na5 18. Qb4 Nec6 19. Qb6 Qd8 20. Qb2 Ne7 21. Qa3
Bc6 22. Nd2 Qd7 23. Bb4 Qd8 24. Bc5 b5 25. axb5 axb5 26. Bxb5 Bxb5 27. Rxb5 Nb7
28. Qb2 Nxc5 29. Rxc5 Nf5 30. Rb5 Qg5 31. Nb3 Nh4 32. f4 Qg6 33. Nc5 Nf5 34.
Rb7 Ne3 35. Rb1 Kh7 36. Qe2 Nc4 37. Qd3 Qxd3 38. Nxd3 Ra2 39. Rxf7 Ne3 40. Ne1
Ra3 41. Rbb7 Rg8 42. Rbc7 h5 43. h3 Nf5 44. Nf3 h4 45. Rxf5 exf5 46. Nxh4 Rf8
47. Nf3 Kg8 48. Ng5 Re8 49. Kh2 Raa8 50. c4 dxc4 51. Rxc4 Rad8 52. g4 fxg4 53.
hxg4 Ra8 54. d5 Ra3 55. d6 Rb8 56. Rc2 Rd3 57. Kg2 g6 58. Ne4 Rd4 59. d7 Rd8
60. Nf6+ Kf7 61. Kf3 Rd1 62. Rc8 Ke7 63. f5 gxf5 64. gxf5 Rf1+ 65. Ke4 Re1+ 66.
Kd4 Rd1+ 67. Ke4 Re1+ 68. Kf4 Rxd7 69. Nxd7 Kxd7 70. Rh8 Rg1 71. Rh7+ Ke8 72.
f6 Rf1+ 73. Ke4 Kf8 74. Ra7 Rb1 75. e6 Re1+ 76. Kd5 Rd1+ 77. Kc4 Rc1+ 78. Kd3
Rc8 79. Kd4 Kg8 80. Ke5 Rd8 81. Kf5 1-0

[Event "10. Lichtenberger Sommer"]
[Site "Berlin"]
[Date "2011.08.19"]
[Round "7.44"]
[White "Arnold, Rouven"]
[Black "Kievelitz, Bernd"]
[Result "1-0"]
[WhiteElo "1799"]
[BlackElo "2070"]
[PlyCount "103"]
[EventDate "2011.??.??"]
[WhiteTeam "Schachverein Grünfeld e.V."]
[BlackTeam "SC Zitadelle Spandau 1977 e.V."]

1. e4 c5 2. Nf3 e6 3. d4 cxd4 4. Nxd4 a6 5. Nc3 Qc7 6. Be2 Nf6 7. O-O Be7 8. f4
d6 9. Be3 h5 10. h3 Nbd7 11. a4 b6 12. Bf3 Bb7 13. Nb3 Rd8 14. Qe2 Nc5 15. Nxc5
bxc5 16. Bf2 h4 17. Rfd1 g6 18. Qe1 Nh5 19. Ne2 Ng7 20. Qc3 Rh7 21. b4 Rc8 22.
b5 a5 23. Rab1 Qb6 24. Be1 Ra8 25. Nc1 Nh5 26. Qe3 Ng3 27. c4 Bf6 28. Nb3 Rh8
29. Qd3 Be7 30. Qc3 Rg8 31. Bxg3 hxg3 32. Qe3 Rd8 33. Rd3 Kf8 34. Rbd1 Kg7 35.
Qe1 Ra8 36. Qxg3 Rgd8 37. Qe1 Bf6 38. Qd2 d5 39. e5 Be7 40. Nc1 dxc4 41. Bxb7
Qxb7 42. Rd7 Qe4 43. Qf2 c3 44. Re1 Qxa4 45. Rxe7 Qd4 46. b6 Rab8 47. b7 Qxf2+
48. Kxf2 Rd2+ 49. Ne2 c2 50. Rc1 a4 51. Rc7 a3 52. Ke3 1-0

[Event "10. Lichtenberger Sommer"]
[Site "Berlin"]
[Date "2011.08.19"]
[Round "7.45"]
[White "Boeck, Ruediger"]
[Black "Schleich, Theodor"]
[Result "1/2-1/2"]
[WhiteElo "1830"]
[BlackElo "2120"]
[PlyCount "67"]
[EventDate "2011.??.??"]
[WhiteTeam "SC Weisse Dame Ulm e.V."]
[BlackTeam "FC Bayern München e.V."]

1. e4 e6 2. d4 c5 3. Nf3 cxd4 4. Nxd4 Nf6 5. Bd3 Nc6 6. Nf3 Be7 7. Nc3 d6 8.
O-O a6 9. Re1 Qc7 10. Bf4 Nd7 11. Qd2 O-O 12. Bg5 Nde5 13. Nxe5 dxe5 14. Bxe7
Qxe7 15. a3 b5 16. Re3 Bb7 17. Rg3 Rad8 18. Qh6 g6 19. h4 f6 20. Qe3 Rd7 21. f4
exf4 22. Qxf4 Qc5+ 23. Kh2 Kg7 24. Rf1 Ne5 25. Be2 Nc4 26. Bxc4 bxc4 27. Nd1
Qd4 28. Nf2 f5 29. c3 e5 30. Qg5 Qd2 31. Qh5 Qh6 32. Qxh6+ Kxh6 33. Ng4+ Kg7
34. exf5 1/2-1/2

[Event "10. Lichtenberger Sommer"]
[Site "Berlin"]
[Date "2011.08.19"]
[Round "7.46"]
[White "Pouydesseau, Mathieu"]
[Black "Fischer, Daniel"]
[Result "1/2-1/2"]
[WhiteElo "1774"]
[BlackElo "2109"]
[PlyCount "62"]
[EventDate "2011.??.??"]
[WhiteTeam "SV Berlin-Friedrichstadt"]
[BlackTeam "SK Oberkirch"]

1. c4 d6 2. Nc3 e5 3. e3 g6 4. g3 Bg7 5. Bg2 Ne7 6. Qc2 O-O 7. Nge2 Nbc6 8. a3
f5 9. d3 f4 10. gxf4 exf4 11. e4 Nd4 12. Nxd4 Bxd4 13. Ne2 Bxf2+ 14. Kxf2 f3
15. Bxf3 Bg4 16. Nf4 Bxf3 17. Kxf3 g5 18. Rg1 Ng6 19. h4 Nxf4 20. Rxg5+ Ng6+
21. Ke2 Qf6 22. Be3 Kh8 23. Qc3 Ne5 24. Bd4 Rae8 25. Rag1 c5 26. Bxe5 Rxe5 27.
Kd1 h6 28. Rf5 Rxf5 29. exf5 Qxc3 30. bxc3 Rxf5 31. Rg6 d5 1/2-1/2

[Event "10. Lichtenberger Sommer"]
[Site "Berlin"]
[Date "2011.08.19"]
[Round "7.48"]
[White "Stucki, Ramon"]
[Black "Ruether, Marc"]
[Result "1-0"]
[WhiteElo "1964"]
[BlackElo "1808"]
[PlyCount "67"]
[EventDate "2011.??.??"]
[WhiteTeam "Thun SK"]
[BlackTeam "Queer-Springer SSV Berlin"]

1. e4 c5 2. Nf3 Nc6 3. d4 cxd4 4. Nxd4 e5 5. Nb5 d6 6. N1c3 a6 7. Na3 b5 8. Nd5
Nge7 9. c4 Nd4 10. cxb5 Nxd5 11. exd5 Be7 12. Be3 Nf5 13. Bd2 O-O 14. Bd3 Qb6
15. O-O Qd4 16. Bxf5 Bxf5 17. Be3 Qxb2 18. Qc1 Qxc1 19. Rfxc1 axb5 20. Nxb5 Ra5
21. a4 Rc8 22. Rxc8+ Bxc8 23. Bb6 Ra8 24. a5 Rb8 25. Na7 Ba6 26. Nc6 Re8 27.
Nb4 Bb7 28. a6 Ba8 29. Nc6 f5 30. f3 Kf7 31. Rb1 Rc8 32. a7 Rxc6 33. dxc6 Bxc6
34. Rc1 1-0